00361nam a2200145Ia 45000030006000000080041000060400015000471000018000622450037000802500006001172600055001233000008001785460012001860050017001980STCL150530s9999 xx 000 0 und d aSTCLcSTCL a.;Cohen Robin aGlobal Diasporas An Introduction a1 bRoutledge and Kegan Paul; New Yorkc2010aNew York a219 aEnglish20220125165432.0